opac header image

Woman and Law : (Record no. 18676)

MARC details
000 -LEADER
fixed length control field 00470nam a22001817a 4500
005 - DATE & TIME
control field 20260415152233.0
008 - FIXED-LENGTH DATA ELEMENTS--GENERAL INFORMATION
fixed length control field 260412b2014 |||||||| |||| 00| 0 eng d
020 ## - ISBN
International Standard Book Number 9788132113133
040 ## - CATALOGING SOURCE
Original cataloging agency NLUO
041 ## - LANGUAGE
Language English
082 ## - DDC NUMBER
Classification number 342.0878
Book Number KAN/WOM
100 ## - MAIN ENTRY--PERSONAL NAME
Personal name Kannabiran, Kalpana
245 ## - TITLE STATEMENT
Title Woman and Law :
Sub Title critical feminist perspective
Statement of responsibility, etc. by Kalpana Kannabiran.
260 ## - PUBLICATION, DISTRIBUTION, ETC. (IMPRINT)
Place of publication, distribution, etc USA :
Name of publisher, distributor, etc SAGE,
Date of publication, distribution, etc 2014.
300 ## - PHYSICAL DESCRIPTION
Pages 305 P.
650 ## - SUBJECT
Subject Woman Law.
942 ## - ADDED ENTRY ELEMENTS (KOHA)
Koha item type Book
Holdings
Withdrawn status Lost status Source of classification or shelving scheme Damaged status Not for loan Location (home branch) Sublocation or collection (holding branch) Date acquired Koha issues (times borrowed) Koha full call number Barcode (Accession No.) Koha date last seen Price effective from Koha item type
    Dewey Decimal Classification     NLUO NLUO 12/04/2026   342.0878 KAN/WOM 15849 12/04/2026 12/04/2026 Book
    Dewey Decimal Classification     NLUO NLUO 12/04/2026   342.0878 KAN/WOM 15850 12/04/2026 12/04/2026 Book

Find us on the map

Contact Us

Naraj Rd, Sector 13,
Cuttack,
Odisha - 753 015.
Email : __ADD_DATA__
Phone : +91-(671)-233-8018